Biblioteca

Una Noche de invierno \ Ruth Bell Graham, il, : Richard Jesse Watson (Registro nro. 47360)

Detalles MARC
000 -LÍDER
Campo fijo de descripción fija 006490000a22002170004500
001 - NÚMERO DE CONTROL
Campo de control 102
003 - IDENTIFICADOR DEL NÚMERO DE CONTROL
Campo de control CO-MdFUSB
005 - FECHA Y HORA DE LA ULTIMA TRANSACCIÓN
control field 20171003151950.0
008 - ELEMENTOS DE LONGITUD FIJA -- INFORMACIÓN GENERAL
Campo fijo de descripción fija -- Información general 170915b xxu||||| |||| 00| 0 eng d
020 ## - NÚMERO INTERNACIONAL NORMALIZADO PARA LIBROS
Número Internacional Normalizado del libro 0-8297-0717-4
040 ## - FUENTE DE CATALOGACIÓN
Agencia que realiza la transcripción CO-MdBIC
082 04 - NÚMERO DE CLASIFICACIÓN DECIMAL DEWEY
Número de clasificación 868HC G760n
100 1# - ASIENTO PRINCIPAL--NOMBRE PERSONAL
Nombre personal Bell Graham, Ruth
245 10 - TÍTULO
Título del Material Una Noche de invierno \ Ruth Bell Graham, il, : Richard Jesse Watson
260 ## - PUBLICACIÓN, DISTRIBUCIÓN, ETC. (PIE DE IMPRENTA)
Lugar de publicación, distribución, etc. Deerfield Beach : Vida
300 ## - DESCRIPCIÓN FÍSICA
Extensión 70 P.
500 ## - NOTA GENERAL
Nota General Las ilustraciones, llevaron 4 años de preparación
505 00 - NOTA DE CONTENIDO
Nota de contenido con formato preestablecido El mensaje central de las Sagradas Escrituras. La Salvacion del hombre
650 14 - ASIENTO SECUNDARIO DE MATERIA - TERMINO TEMÁTICO
Término temático o nombre geográfico como elemento de entrada Literatura Infantil
942 ## - TIPO DE MATERIAL (KOHA)
Tipo de Item KOHA Z- Libro General BINCO
Existencias
Estado de Material Estado de Perdido Forma de Clasificación Volumen-Parte/Tomo Estado de Dañado No para Préstamo Tomo Biblioteca de Origen Biblioteca Permanente Fecha de Adquisición Total de Préstamos Signatura Topográfica Código de Barras Última vez visto Ejemplar/Existencia Fecha de Remplazo Tipo de Material
    Dewey Decimal Classification         Biblioteca Infantil Comunitaria BINCO Biblioteca Infantil Comunitaria BINCO 10/02/2006   868HC G760n B30478 24/11/2016 1 26/01/2016 Z- Libro General BINCO
    Dewey Decimal Classification         Biblioteca Infantil Comunitaria BINCO Biblioteca Infantil Comunitaria BINCO 02/05/2006   868HC G760n3 B30798 24/11/2016 2 26/01/2016 Z- Libro General BINCO
    Dewey Decimal Classification         Biblioteca Infantil Comunitaria BINCO Biblioteca Infantil Comunitaria BINCO 02/05/2006   868HC G760n2 B30479 24/11/2016 3 26/01/2016 Z- Libro General BINCO

Biblioteca FUSBC | Teléfono: (57+4) 349 88 10 Ext. 141| WhatsApp (+57) 3005338115 
E-mail: biblioteca@unisbc.edu.co | Calle 76 87-14 Robledo Palenque, Medellín, Colombia

Con tecnología Koha